| 000 | 00372nam a2200145Ia 4500 | ||
|---|---|---|---|
| 008 | 230917s9999||||xx |||||||||||||| ||und|| | ||
| 040 |
_e9636 _aMAIN |
||
| 041 | _aEnglish | ||
| 082 | _a541.3453 P275T | ||
| 100 | _aPatrick, Robert L. ed | ||
| 245 | 0 | _aTreatise on adhesion and adhesives | |
| 260 |
_aNew York _bMarcel Dekker _c1973 |
||
| 300 | _ax, 240 p. | ||
| 942 | _cBK | ||
| 999 |
_c223585 _d223585 |
||